Straßenbahnlinie 5 (Wien) - Statistiken

Allgemein
  • Dieses Quiz wurde 14 mal gespielt
  • Das Durchschnittsergebnis liegt bei 19 aus 25
Antwortstatistiken
Station % Korrekt
Kaiserstraße, Westbahnstraße
100%
Praterstern
100%
Friedensbrücke
92%
Spitalgasse
92%
Westbahnhof
92%
Franz-Josefs-Bahnhof
83%
Klosterneuburger Straße, Wallensteinstraße
83%
Albertgasse
75%
Am Tabor
75%
Florianigasse
75%
Lange Gasse
75%
Lazarettgasse
75%
Nordwestbahnstraße
75%
Nußdorfer Straße, Alserbachstraße
75%
Wallensteinplatz
75%
Blindengasse
67%
Kaiserstraße, Burggasse
67%
Laudongasse
67%
Lerchenfelder Straße
67%
Mariahilfer Straße, Kaiserstraße
67%
Nordbahnstraße
67%
Rauscherstraße
67%
Kaiserstraße, Neustiftgasse
58%
Stollgasse
58%
Mühlfeldgasse
50%
Keine übereinstimmenden Quizze gefunden
Verteilung der Resultate
Anzahl Personen mit jedem Resultat
Perzentil nach korrekt beantworteten Fragen
Ihre Resultats-Entwicklung
Sie haben dieses Quiz noch nicht gespielt